000 00939cam a2200289 a 4500
001 3536688
003 ARRUPE
005 20130917172537.0
008 961001s1996 enk b 000 0 eng c
010 _a 96203616
020 _a1899477071
040 _aDLC
_cDLC
_dMoSU-L
_dDLC
042 _apcc
043 _af-rh---
050 0 0 _aKTZ329
_b.J87 1996
082 0 0 _a347.6891
_221
245 0 0 _aJustice in Zimbabwe /
_cAfrican Rights.
260 _aLondon :
_bAfrican Rights,
_c1996.
300 _a105 p. ;
_c30 cm.
504 _aIncludes bibliographical references.
650 0 _aJustice, Administration of
_zZimbabwe.
_9415
650 0 _aHuman rights
_zZimbabwe.
_9416
710 2 _aAfrican Rights (Organization)
_9417
906 _a7
_bcbc
_cpccadap
_d3
_encip
_f19
_gy-gencatlg
942 _2lcc
_cMONOGRAPH
999 _c117845
_d117845